Vzdělanost živý dialog s minulostí

Salvato in:
Dettagli Bibliografici
Autore principale: Schwanitz, Dietrich
Natura: Libro
Lingua:ceco
Pubblicazione: Praha PROSTOR 2023
Edizione:4. vydání
Soggetti:
Tags: Aggiungi Tag
Nessun Tag, puoi essere il primo ad aggiungerne!!

MARC

LEADER 00000nam a2200000 4500
001 0305162
005 20250108145503.2
020 |a 978-80-7260-576-7 
041 0 |a cze 
044 |a CZ 
245 1 0 |a Vzdělanost  |b živý dialog s minulostí  |c Dietrich Schwanitz 
250 |a 4. vydání 
264 1 |a Praha  |b PROSTOR  |c 2023 
300 |a 554 s. 
610 2 0 |a vzdelanosť 
610 2 0 |a vzdelanie 
610 2 0 |a vzdelávanie 
610 2 0 |a kultúra 
610 2 0 |a dejiny 
610 2 0 |a literatúra 
610 2 0 |a umenie 
610 2 0 |a filozofia 
100 1 |a Schwanitz, Dietrich